[Event "46th Ghent Open 2025"]
[Site "Ghent BEL"]
[Date "2025.07.21"]
[Round "5.3"]
[White "Terryn, Ezra"]
[Black "Zouaghi, Amir"]
[Result "1/2-1/2"]
[WhiteElo "2282"]
[BlackElo "2244"]
[WhiteFideId "233196"]
[BlackFideId "249262"]
[EventDate "2025.07.19"]

1. d4 d5 2. c4 e6 3. g3 Nf6 4. Bg2 Be7 5. Nf3 O-O 6. O-O a5 7. Qc2 c6 8. Nbd2
Na6 9. a3 c5 10. cxd5 exd5 11. dxc5 Nxc5 12. Nb3 Nxb3 13. Qxb3 a4 14. Qc2 Bg4
15. Bf4 Bd6 16. Bxd6 Qxd6 17. Rac1 Rfc8 18. Qd2 Qb6 19. Ne5 Be6 20. Nf3 Ne4 21.
Qd4 Qb5 22. e3 Qe2 23. Rxc8+ Rxc8 24. Qxa4 Qxb2 25. Nd4 Nc5 26. Qa5 h6 27. h4
Nd3 28. Nxe6 fxe6 29. Qa4 Rf8 30. Qd7 Qb6 31. Qa4 Qb2 32. Qd7 Qb6 33. Qa4 Qb2 1/2-1/2

[Event "46th Ghent Open 2025"]
[Site "Ghent BEL"]
[Date "2025.07.21"]
[Round "5.4"]
[White "Bekker, Stefan"]
[Black "Verkooyen, Frank"]
[Result "1-0"]
[WhiteTitle "FM"]
[WhiteElo "2386"]
[BlackElo "2041"]
[WhiteFideId "1022229"]
[BlackFideId "1053167"]
[EventDate "2025.07.19"]

1. d4 d5 2. c4 e6 3. Nf3 Nf6 4. g3 dxc4 5. Bg2 a6 6. O-O Nc6 7. Bg5 Be7 8. e3
O-O 9. Nbd2 e5 10. Nxc4 exd4 11. exd4 Be6 12. Ne3 Nd5 13. Bxe7 Qxe7 14. Re1 Qf6
15. Qd2 Rfd8 16. Rad1 Nxe3 17. fxe3 Bg4 18. Rf1 Qh6 19. Qc3 Re8 20. Rde1 Re7 21.
Nh4 Rae8 22. e4 Qd6 23. e5 Qxd4+ 24. Qxd4 Nxd4 25. Re4 Ne2+ 26. Kf2 f5 27. Rxe2
Bxe2 28. Kxe2 Rxe5+ 29. Kf2 g6 30. Bf3 Rd8 31. Bxb7 Rd2+ 32. Kg1 Rxb2 33. Bxa6
Rc5 34. a4 Ra2 35. Bc8 Rxa4 36. Nf3 Kg7 37. Rd1 Rc2 38. Nd4 Rb2 39. Be6 c5 40.
Nf3 Ra3 41. Bd5 c4 42. Ne1 c3 43. Rc1 Ra5 44. Bc4 Ra3 45. Nc2 Ra7 46. Ne3 c2 47.
Nxc2 Rd7 48. Ne3 Rdd2 49. h4 Rf2 50. Bd5 Rfe2 51. Rc7+ Kf8 52. Nf1 Rb1 53. Rf7+
Ke8 54. Rxh7 Ree1 55. Bg2 Kf8 56. h5 g5 57. Rh6 Ke7 58. Rg6 f4 59. Rxg5 f3 60.
Bh3 1-0

[Event "46th Ghent Open 2025"]
[Site "Ghent BEL"]
[Date "2025.07.21"]
[Round "5.5"]
[White "Goudriaan, Etienne"]
[Black "Liu, Jason"]
[Result "1/2-1/2"]
[WhiteTitle "IM"]
[BlackTitle "CM"]
[WhiteElo "2322"]
[BlackElo "2125"]
[WhiteFideId "1021150"]
[BlackFideId "2514656"]
[EventDate "2025.07.19"]

1. Nf3 Nf6 2. g3 b6 3. Bg2 Bb7 4. O-O e6 5. c4 Be7 6. d4 O-O 7. Re1 Na6 8. h4 d5
9. cxd5 exd5 10. Nc3 c5 11. Bf4 Nc7 12. e3 Ne6 13. Be5 Qd7 14. dxc5 bxc5 15. Qb3
Rfd8 16. Rad1 c4 17. Qc2 Nc5 18. Ng5 Nd3 19. Rxd3 cxd3 20. Qxd3 Ne4 21. Ngxe4
dxe4 22. Qxd7 Rxd7 23. Nxe4 f5 24. Nc3 Bxg2 25. Kxg2 Re8 26. Bf4 Bb4 27. Re2 a6
28. Na4 Rd2 29. Rxd2 Bxd2 30. Nb6 Ba5 31. Nc4 Bd8 32. Be5 Re6 33. b3 Bf6 34. Bd6
Be7 35. Bb8 Bf6 36. Kf3 g6 37. h5 Kg7 38. hxg6 hxg6 39. g4 Re8 40. Bc7 Rh8 41.
gxf5 gxf5 42. e4 Kg6 43. e5 Bg5 44. Bd6 Kf7 45. Nb6 Ke6 46. Na4 Kd5 47. Nc3+ Ke6
48. Na4 Kd5 49. Nc3+ 1/2-1/2

[Event "46th Ghent Open 2025"]
[Site "Ghent BEL"]
[Date "2025.07.21"]
[Round "5.6"]
[White "Szajbely, Zsigmond"]
[Black "Maravic, Ivan"]
[Result "1-0"]
[WhiteTitle "FM"]
[WhiteElo "2298"]
[BlackElo "2091"]
[WhiteFideId "711691"]
[BlackFideId "14539411"]
[EventDate "2025.07.19"]

1. e4 e5 2. Nf3 Nc6 3. Bb5 Nf6 4. d4 exd4 5. O-O a6 6. Ba4 d6 7. Nxd4 Bd7 8.
Nxc6 Bxc6 9. Bxc6+ bxc6 10. Qe2 Be7 11. Rd1 O-O 12. Bf4 Re8 13. Nc3 Qb8 14. Rab1
Nd7 15. Qg4 Qc8 16. Ne2 Bf6 17. Ng3 Ne5 18. Qxc8 Raxc8 19. b3 g6 20. Nf1 h5 21.
f3 Kf8 22. Ne3 Bg7 23. Re1 Rb8 24. h3 Rb5 25. Red1 Rbb8 26. Kf2 Nd7 27. Rd3 Kg8
28. Rdd1 Nc5 29. Nc4 Ne6 30. Bc1 Bd4+ 31. Be3 c5 32. Bxd4 cxd4 33. c3 dxc3 34.
Rbc1 Nf4 35. Ne3 Red8 36. Rxc3 c5 37. Rc4 Ne6 38. Ra4 Nc7 39. Nc4 d5 40. exd5
Nxd5 41. Rxa6 Nf4 42. Rad6 Re8 43. R6d2 h4 44. Nd6 Re5 45. Ne4 f5 46. Nf6+ Kf7
47. Nd7 1-0

[Event "46th Ghent Open 2025"]
[Site "Ghent BEL"]
[Date "2025.07.21"]
[Round "5.7"]
[White "Helmer, Jan"]
[Black "De Jong, Jasper"]
[Result "1-0"]
[WhiteTitle "CM"]
[BlackTitle "CM"]
[WhiteElo "2213"]
[BlackElo "2084"]
[WhiteFideId "12956686"]
[BlackFideId "1008340"]
[EventDate "2025.07.19"]

1. d4 e6 2. c4 d5 3. Nf3 Nf6 4. g3 Be7 5. Bg2 O-O 6. O-O b6 7. cxd5 exd5 8. Nc3
Bb7 9. Bf4 Nbd7 10. Rc1 c6 11. Qb3 Re8 12. Rfd1 Bf8 13. e4 Nxe4 14. Nxe4 dxe4
15. Ng5 Qf6 16. Bxe4 h6 17. Nxf7 Rxe4 18. Ng5+ Kh8 19. Nxe4 Qg6 20. Nc5 Bxc5 21.
dxc5 Bc8 22. Rd6 Qf5 23. Re1 Bb7 24. Qe6 Qxe6 25. Rexe6 Nxc5 26. Re7 Ba6 27. Be5 1-0

[Event "46th Ghent Open 2025"]
[Site "Ghent BEL"]
[Date "2025.07.21"]
[Round "5.8"]
[White "Tuerlinckx, Ben"]
[Black "Roos, Adrian"]
[Result "1/2-1/2"]
[BlackTitle "FM"]
[WhiteElo "2125"]
[BlackElo "2188"]
[WhiteFideId "229334"]
[BlackFideId "263621"]
[EventDate "2025.07.19"]

1. c4 c6 2. Nf3 d5 3. e3 g6 4. Nc3 Bg7 5. d4 Nf6 6. Be2 O-O 7. O-O dxc4 8. Bxc4
c5 9. Qe2 cxd4 10. exd4 Bg4 11. Rd1 Nc6 12. d5 Bxf3 13. Qxf3 Ne5 14. Qe2 Nxc4
15. Qxc4 Ne8 16. Qe2 Nd6 17. Bf4 Rc8 18. Be5 Bxe5 19. Qxe5 Rc4 20. Re1 Nf5 21.
Re4 Qc7 22. Qxc7 Rxc7 23. Rae1 h5 24. f3 Re8 25. Kf2 Nd6 26. Rb4 Rd8 27. Re2 Kf8
28. g4 hxg4 29. fxg4 Rc4 30. Rxc4 Nxc4 31. Kf3 a6 32. b3 Nd6 33. Ne4 Nxe4 34.
Kxe4 Rc8 35. h4 Rc1 36. Kf4 Rd1 37. Ke5 Rh1 38. Rc2 Rxh4 39. Rc8+ Kg7 40. Rc7
Rxg4 41. Rxe7 Rg2 42. Rxb7 Rxa2 43. Rb4 Rd2 44. Ra4 f5 45. d6 Re2+ 46. Kd5 Kf7
47. Kc6 Ke6 48. Kc7 Rc2+ 49. Rc4 Rd2 50. Rc1 g5 51. Re1+ Kf6 52. d7 Rc2+ 53. Kb7
Rd2 54. Kc7 Rc2+ 55. Kb7 Rd2 56. Kc7 1/2-1/2

[Event "46th Ghent Open 2025"]
[Site "Ghent BEL"]
[Date "2025.07.21"]
[Round "5.9"]
[White "Bowcott-Terry, Finlay"]
[Black "Stap, Kees"]
[Result "1-0"]
[WhiteElo "2183"]
[BlackElo "2075"]
[WhiteFideId "449199"]
[BlackFideId "1018744"]
[EventDate "2025.07.19"]

1. e4 d5 2. exd5 Qxd5 3. Nc3 Qd6 4. Nf3 Nf6 5. d4 g6 6. Bc4 Bg7 7. O-O a6 8. Ne5
O-O 9. Bf4 Nh5 10. Ne4 Qd8 11. Be3 Bxe5 12. dxe5 Qxd1 13. Raxd1 Nc6 14. f4 Ng7
15. Nc5 Rb8 16. Nd7 Bxd7 17. Rxd7 Rbc8 18. Rfd1 Rfd8 19. c3 Ne6 20. b4 Rxd7 21.
Rxd7 Rd8 22. Bxe6 fxe6 23. Rxc7 Rd3 24. Kf2 Rxc3 25. Rxb7 Rc2+ 26. Kf3 Rxa2 27.
Rb6 Rc2 28. Bc5 a5 29. Rxc6 axb4 30. Rc8+ Kf7 31. Rc7 b3 32. Rxe7+ Kg8 33. Bd6 1-0

[Event "46th Ghent Open 2025"]
[Site "Ghent BEL"]
[Date "2025.07.21"]
[Round "5.10"]
[White "Sarkisian, Arman"]
[Black "Roelandt, Andreas"]
[Result "1-0"]
[WhiteElo "2159"]
[BlackElo "2001"]
[WhiteFideId "261858"]
[BlackFideId "238961"]
[EventDate "2025.07.19"]

1. e4 c5 2. Nf3 d6 3. d4 cxd4 4. Nxd4 Nf6 5. Nc3 e5 6. Bb5+ Nbd7 7. Nf5 a6 8.
Bd3 Nc5 9. Bg5 Bxf5 10. exf5 Be7 11. Bxf6 Bxf6 12. O-O O-O 13. Qf3 b5 14. Rfd1
Rc8 15. Be4 Nxe4 16. Nxe4 Rxc2 17. Rxd6 Qc7 18. Qe3 Rc8 19. Rad1 Rc1 20. g3
Rxd1+ 21. Rxd1 Qc2 22. Rd6 Rc6 23. Nxf6+ gxf6 24. Rd8+ Kg7 25. Qf3 Qc1+ 26. Kg2
Rc7 27. Qa3 Qc6+ 28. Kh3 Qc5 29. Qf3 Qc1 30. Qa8 Qf1+ 31. Kh4 Kh6 32. Rd4 1-0

[Event "46th Ghent Open 2025"]
[Site "Ghent BEL"]
[Date "2025.07.21"]
[Round "5.11"]
[White "Lopes, Samuel"]
[Black "Roos, David"]
[Result "1/2-1/2"]
[WhiteElo "1997"]
[BlackElo "2154"]
[WhiteFideId "1084275"]
[BlackFideId "210064"]
[EventDate "2025.07.19"]

1. d4 Nf6 2. c4 g6 3. g3 c6 4. Bg2 d5 5. Nf3 Bg7 6. O-O O-O 7. Ne5 Ng4 8. cxd5
Nxe5 9. dxe5 Bxe5 10. Nc3 cxd5 11. Bxd5 Nc6 12. Bh6 Re8 13. Bg2 Qa5 14. Bd2 Qb6
15. Rb1 Be6 16. Qa4 Rad8 17. Bxc6 bxc6 18. Be3 Bd4 19. Bxd4 Rxd4 20. Qc2 Bf5 21.
e4 Bg4 22. Ne2 Rb4 23. Kg2 Be6 24. Nc3 Rb8 25. b3 Qc5 26. Rbc1 Qh5 27. h4 Rd4
28. Rcd1 Rbd8 29. Rxd4 Rxd4 30. Rd1 c5 31. f3 Qh6 32. Ne2 Rxd1 33. Qxd1 Qf8 34.
Nf4 Qc8 35. Nxe6 Qxe6 36. Qd8+ Kg7 37. Qa5 Qd6 38. Qxa7 Qd2+ 39. Kf1 Qe3 40. Kg2
Qe2+ 41. Kh3 Qxf3 42. Qxe7 Qh1+ 43. Kg4 Qf1 44. Qe5+ f6 45. Qe7+ Kg8 46. Qe8+
Kg7 1/2-1/2

[Event "46th Ghent Open 2025"]
[Site "Ghent BEL"]
[Date "2025.07.21"]
[Round "6.1"]
[White "Knuedel, Torben"]
[Black "Arman, Deniz"]
[Result "1/2-1/2"]
[WhiteTitle "FM"]
[BlackTitle "FM"]
[WhiteElo "2364"]
[BlackElo "2352"]
[WhiteFideId "16208820"]
[BlackFideId "6302106"]
[EventDate "2025.07.19"]

1. e4 d6 2. d4 Nf6 3. Nc3 e5 4. Nf3 exd4 5. Nxd4 Be7 6. Bf4 O-O 7. Qd2 d5 8.
O-O-O Nxe4 9. Nxe4 dxe4 10. Bc4 Bc5 11. Nb5 Qxd2+ 12. Rxd2 Na6 13. Re1 Bf5 14.
Nd4 Bg6 15. Bxa6 bxa6 16. Nc6 Rfe8 17. b4 Re6 18. bxc5 Rxc6 19. Red1 Kf8 20. Be3
Ke8 21. Rd5 Rb8 22. R1d4 f6 23. a3 Re6 24. Rd7 Re7 25. Rxe7+ Kxe7 26. Bf4 f5 27.
Bxc7 Rc8 28. Bd6+ Ke6 29. Rb4 f4 30. Kd2 Kd5 31. Rb7 e3+ 32. fxe3 fxe3+ 33. Kxe3
Re8+ 34. Kd2 Re4 35. Rxg7 Ra4 36. Bf8 Rf4 37. Rd7+ Kc6 38. Rd6+ Kb5 39. Rd8 Rf2+
40. Ke3 Rxc2 41. Rd2 Rc3+ 42. Kf4 Rxa3 43. h4 h5 44. Rd4 Rd3 45. Rd6 Rxd6 46.
cxd6 Kc6 47. g4 hxg4 48. Kxg4 a5 49. Kg5 Bc2 50. Kf6 Kd7 51. Ke5 a4 52. Bh6 a3
53. Bc1 a2 54. Bb2 Bd1 55. Ba1 1/2-1/2

[Event "46th Ghent Open 2025"]
[Site "Ghent BEL"]
[Date "2025.07.21"]
[Round "6.2"]
[White "Zouaghi, Amir"]
[Black "Bekker, Stefan"]
[Result "1-0"]
[BlackTitle "FM"]
[WhiteElo "2244"]
[BlackElo "2386"]
[WhiteFideId "249262"]
[BlackFideId "1022229"]
[EventDate "2025.07.19"]

1. e4 e5 2. Nf3 Nc6 3. Bc4 Nf6 4. d4 exd4 5. e5 d5 6. Bb5 Nd7 7. O-O Be7 8. Bxc6
bxc6 9. Nxd4 Nb8 10. Nc3 O-O 11. Qf3 Qd7 12. h3 a5 13. Re1 Ra6 14. Bf4 c5 15.
Nde2 d4 16. Ne4 Bb7 17. N2g3 Bd5 18. Qd3 Rg6 19. c4 Ba8 20. Bd2 Nc6 21. f4 f5
22. exf6 gxf6 23. f5 Ne5 24. Qf1 Rxg3 25. Nxg3 Kh8 26. Ne4 Rg8 27. Rad1 Qa4 28.
Bf4 Bd6 29. Bxe5 Bxe5 30. Rd2 Qb4 31. a3 Qb3 32. Qd3 Qb6 33. Rf2 a4 34. Ree2 Qc6
35. Kf1 Bb7 36. Qf3 Ba6 37. Nd2 Qxf3 38. Rxf3 Rb8 39. g4 Rxb2 40. g5 Rxd2 41.
Rxd2 Bxc4+ 42. Ke1 Bd5 43. Re3 Kg7 44. Rxe5 fxe5 45. Rb2 e4 46. Rb5 e3 47. Rxc5
c6 48. Ke2 Be4 49. Rc4 Bxf5 50. Rxd4 Bxh3 51. Kxe3 Kf7 52. Rxa4 Ke6 53. Ra5 Kd6
54. Kd4 Be6 55. Rc5 Bf7 56. a4 Be6 57. a5 Bc8 58. Rc3 Ba6 59. Rh3 1-0

[Event "46th Ghent Open 2025"]
[Site "Ghent BEL"]
[Date "2025.07.21"]
[Round "6.3"]
[White "Szajbely, Zsigmond"]
[Black "Helmer, Jan"]
[Result "1/2-1/2"]
[WhiteTitle "FM"]
[BlackTitle "CM"]
[WhiteElo "2298"]
[BlackElo "2213"]
[WhiteFideId "711691"]
[BlackFideId "12956686"]
[EventDate "2025.07.19"]

1. e4 c5 2. Nf3 Nc6 3. Bb5 Nf6 4. Bxc6 dxc6 5. d3 g6 6. h3 Bg7 7. O-O O-O 8. Be3
b6 9. Nbd2 Nd7 10. Rb1 e5 11. Ne1 Qe7 12. a4 f5 13. f4 fxe4 14. Nxe4 Nf6 15.
Nxf6+ Qxf6 16. Qd2 Bh6 17. f5 Bxe3+ 18. Qxe3 gxf5 19. Nf3 1/2-1/2

[Event "46th Ghent Open 2025"]
[Site "Ghent BEL"]
[Date "2025.07.21"]
[Round "6.4"]
[White "Terryn, Ezra"]
[Black "Bowcott-Terry, Finlay"]
[Result "1/2-1/2"]
[WhiteElo "2282"]
[BlackElo "2183"]
[WhiteFideId "233196"]
[BlackFideId "449199"]
[EventDate "2025.07.19"]

1. e4 c5 2. d4 cxd4 3. c3 Nc6 4. cxd4 d5 5. exd5 Qxd5 6. Nf3 Bg4 7. Nc3 Bxf3 8.
gxf3 Qxd4 9. Qxd4 Nxd4 10. Nb5 Nc2+ 11. Kd1 Nxa1 12. Nc7+ Kd7 13. Nxa8 Nf6 14.
Be3 Kc6 15. Bd3 e6 16. Ke2 Bd6 17. Rc1+ Kd7 18. Bb5+ Ke7 19. Nc7 Kd8 20. Na6
bxa6 21. Bxa6 Ke7 22. Rxa1 Nd5 23. h3 Nxe3 24. fxe3 Rb8 25. b3 Rb6 26. Bd3 Rc6
27. Rg1 g6 28. Rg4 Rc1 29. Ra4 Bc5 30. Rc4 1/2-1/2

[Event "46th Ghent Open 2025"]
[Site "Ghent BEL"]
[Date "2025.07.21"]
[Round "6.5"]
[White "Maerevoet, Sim"]
[Black "Leenen, Boyd"]
[Result "1-0"]
[WhiteTitle "IM"]
[WhiteElo "2454"]
[BlackElo "2074"]
[WhiteFideId "241725"]
[BlackFideId "1083937"]
[EventDate "2025.07.19"]

1. Nf3 Nf6 2. c4 e6 3. Nc3 d5 4. e3 Be7 5. b3 O-O 6. Bb2 b6 7. cxd5 exd5 8. g3
Nbd7 9. d4 Bb7 10. Bg2 Re8 11. O-O a6 12. Rc1 Bd6 13. Ne2 Ne4 14. Nf4 Qe7 15.
Qc2 Rad8 16. Ne5 c5 17. Nxd7 Qxd7 18. dxc5 bxc5 19. Rfd1 Bf8 20. h4 h6 21. Rd3
Qc8 22. Qd1 c4 23. bxc4 dxc4 24. Rxd8 Rxd8 25. Bd4 Nd6 26. Bxb7 Qxb7 27. Kh2 Qc8
28. Qe2 Re8 29. Qh5 Nf5 30. Bc3 Nd6 31. Qd5 Ne4 32. Kg2 Nxc3 33. Rxc3 Rd8 34.
Rxc4 Rxd5 35. Rxc8 Rd2 36. h5 Rd6 37. e4 Rb6 38. e5 g5 39. hxg6 fxg6 40. e6 Kg7
41. Rc7+ 1-0

[Event "46th Ghent Open 2025"]
[Site "Ghent BEL"]
[Date "2025.07.21"]
[Round "6.6"]
[White "Butzen, Robin"]
[Black "De Waele, Warre"]
[Result "1/2-1/2"]
[BlackTitle "FM"]
[WhiteElo "2105"]
[BlackElo "2344"]
[WhiteFideId "244392"]
[BlackFideId "241156"]
[EventDate "2025.07.19"]

1. d4 Nf6 2. Nf3 b6 3. c4 Bb7 4. g3 g6 5. Bg2 Bg7 6. O-O O-O 7. Qc2 c5 8. d5 b5
9. cxb5 d6 10. e4 a6 11. bxa6 Bxa6 12. Re1 Nbd7 13. h3 Nb6 14. Nc3 Nfd7 15. b3
Ne5 1/2-1/2

[Event "46th Ghent Open 2025"]
[Site "Ghent BEL"]
[Date "2025.07.21"]
[Round "6.7"]
[White "Davoust, Nicolas"]
[Black "Goudriaan, Etienne"]
[Result "0-1"]
[BlackTitle "IM"]
[WhiteElo "2093"]
[BlackElo "2322"]
[WhiteFideId "652006719"]
[BlackFideId "1021150"]
[EventDate "2025.07.19"]

1. e4 e5 2. Nf3 Nc6 3. Bc4 Nf6 4. d3 Bc5 5. O-O d6 6. h3 a6 7. c3 Ba7 8. Re1 h6
9. d4 O-O 10. Qd3 exd4 11. cxd4 d5 12. exd5 Nxd5 13. Be3 Ncb4 14. Qd2 Bf5 15.
Na3 b5 16. Bxd5 Nxd5 17. Rac1 Bb6 18. Ne5 Re8 19. Nc2 Nxe3 20. Rxe3 Qd5 21. Nf3
Bxc2 22. Qxc2 Rxe3 23. fxe3 Re8 24. Re1 Qxa2 25. e4 Qe6 26. Kh1 Qd6 27. e5 Qd5
28. b4 Re6 29. Rc1 g6 30. Qd2 Kg7 31. Qc3 g5 32. Qc2 Rg6 33. Qf5 c6 34. Ra1 Qc4
35. Qg4 Qxb4 36. Rxa6 Bd8 37. Qc8 Be7 38. Rxc6 Rxc6 39. Qxc6 Qb1+ 40. Kh2 b4 41.
Qd7 Bf8 42. e6 Qf5 43. Qxf7+ Qxf7 44. exf7 Kxf7 45. Kg1 Ke6 46. Kf2 b3 47. Nd2
b2 48. Ke3 Kd5 49. Kd3 Bg7 50. Kc2 Bxd4 51. Kd3 Bf6 52. Nb1 Ke5 53. g3 Kd5 54.
Nd2 Bg7 55. Nb1 Be5 56. g4 Bf4 57. Nc3+ Ke5 58. Nb1 Bc1 59. Ke2 Kf4 60. Kf2 Be3+
61. Kg2 Ke4 62. Kg3 Kd3 63. Kf3 Bc5 64. h4 Kc2 65. hxg5 hxg5 66. Na3+ Bxa3 0-1

[Event "46th Ghent Open 2025"]
[Site "Ghent BEL"]
[Date "2025.07.21"]
[Round "6.8"]
[White "Dreelinck, Jacob"]
[Black "De Reese, Elias"]
[Result "1-0"]
[WhiteTitle "FM"]
[WhiteElo "2266"]
[BlackElo "2093"]
[WhiteFideId "250511"]
[BlackFideId "249238"]
[EventDate "2025.07.19"]

1. c4 e6 2. Nc3 d5 3. d4 a6 4. cxd5 exd5 5. Qb3 Bd6 6. Nf3 Ne7 7. Bg5 Nbc6 8. e3
Be6 9. Bd3 h6 10. Bh4 Qc8 11. Bg3 Bxg3 12. hxg3 O-O 13. Rc1 Na5 14. Qa3 Nac6 15.
Ne2 Bf5 16. Nf4 Bxd3 17. Qxd3 Qd7 18. Rh5 Qd6 19. a3 Nd8 20. g4 Ne6 21. Nxe6
Qxe6 22. g5 Qg6 23. Qxg6 fxg6 24. Rh1 c6 25. gxh6 gxh6 26. Rxh6 Kg7 27. Rh1 Rh8
28. Ke2 Nf5 29. Ne5 Nd6 30. Rxh8 Rxh8 31. f3 Re8 32. Kf2 Nf5 33. Rc3 Re7 34. Rc2
Kf6 35. Ng4+ Kg7 36. a4 Nd6 37. Ne5 Nf5 38. Rc1 Kf6 39. Ng4+ Kg7 40. Ne5 Kf6 41.
Ng4+ Kg7 42. b3 Re8 43. Rc2 Rh8 44. Rc1 Re8 45. Ne5 Re7 46. Rc5 Re8 47. Rc2 Re7
48. Rc1 Re8 49. g4 Nd6 50. Rh1 Rf8 51. Ke2 Re8 52. Kd3 Nc8 53. Kd2 Re7 54. Ke2
Re8 55. Kf2 Nd6 56. Kg3 Rf8 57. Rh2 Nc8 58. Nd7 Rf7 59. Ne5 Rf8 60. Kf2 Nd6 61.
Kg2 Re8 62. Kf1 Rf8 63. Ke2 Re8 64. Kd3 Nc8 65. Rh4 Re7 66. Rh3 Re8 67. g5 Re6
68. Ng4 Nd6 69. Nf6 Nf7 70. f4 Re7 71. Rh1 Re6 72. Rh7+ Kf8 73. Ng4 Kg8 74. Rh1
Kg7 75. Nf6 Kf8 76. b4 Nd6 77. Rh8+ Kg7 78. Rh7+ Kf8 79. Ng4 Kg8 80. Rd7 Kf8 81.
Ne5 Kg8 82. Rc7 Kf8 83. b5 cxb5 84. axb5 a5 85. Rc5 a4 86. Rxd5 b6 87. Kc3 Ke8
88. Kb4 Nf5 89. Nc4 Ne7 90. Re5 Rxe5 91. fxe5 1-0

[Event "46th Ghent Open 2025"]
[Site "Ghent BEL"]
[Date "2025.07.21"]
[Round "6.9"]
[White "Ghyselen, Wouter"]
[Black "Iolis, Oleg"]
[Result "1-0"]
[WhiteElo "2083"]
[BlackElo "2211"]
[WhiteFideId "210250"]
[BlackFideId "204684"]
[EventDate "2025.07.19"]

1. d4 Nf6 2. Bg5 d5 3. e3 c5 4. Bxf6 gxf6 5. Nc3 cxd4 6. exd4 Nc6 7. Qh5 e6 8.
O-O-O Bd7 9. Nge2 Qa5 10. g3 b5 11. Bg2 b4 12. Nxd5 exd5 13. Bxd5 O-O-O 14. Qf3
Kc7 15. Bxf7 Qg5+ 16. Qe3 Qxe3+ 17. fxe3 Bg4 18. Rde1 Bxe2 19. Rxe2 Bh6 20. c3
Rd7 21. Bc4 Re8 22. Rhe1 Kd6 23. Kc2 Rde7 24. e4 Rc7 25. Kd3 bxc3 26. bxc3 Rec8
27. Rc2 Ke7 28. Bb3 Rd8 29. Bd5 Rdc8 30. Rb1 Bf8 31. c4 Kd8 32. Rcb2 a5 33. Bxc6
Rxc6 34. c5 Be7 35. Rb5 Ra6 36. Kc4 a4 37. a3 Bf8 38. Rb6 Rc6 39. Rxc6 Rxc6 40.
Rb8+ Rc8 41. Rxc8+ Kxc8 42. Kb5 Bh6 43. Kxa4 Be3 44. Kb5 Bxd4 45. Kc6 h5 46. h3
Be5 47. g4 hxg4 48. hxg4 Bb2 49. a4 Bc3 50. Kb6 Be5 51. Kc6 Bc3 52. Kd6 Be5+ 53.
Ke6 Bd4 54. e5 fxe5 55. Kd5 Bf2 56. g5 Bh4 57. g6 Bf6 58. a5 Kb7 59. c6+ Ka6 60.
Kd6 e4 61. c7 1-0

[Event "46th Ghent Open 2025"]
[Site "Ghent BEL"]
[Date "2025.07.21"]
[Round "6.10"]
[White "Roos, Adrian"]
[Black "De Block, Fabio"]
[Result "1/2-1/2"]
[WhiteTitle "FM"]
[WhiteElo "2188"]
[BlackElo "2058"]
[WhiteFideId "263621"]
[BlackFideId "226181"]
[EventDate "2025.07.19"]

1. d4 d5 2. c4 e6 3. Nf3 Nf6 4. Nc3 c6 5. e3 Nbd7 6. Bd2 Bd6 7. Bd3 O-O 8. O-O
dxc4 9. Bxc4 b5 10. Bd3 Bb7 11. Rc1 Rc8 12. a3 Re8 13. b4 Bb8 14. Bb1 e5 15. Ba2
h6 16. h3 e4 17. Nh4 Nd5 18. Nf5 N7f6 19. Qe2 Kh7 20. Bb1 g6 21. Ng3 Qd6 22.
Rfd1 Rcd8 23. Qe1 Nxc3 24. Bxc3 Qd5 1/2-1/2

[Event "46th Ghent Open 2025"]
[Site "Ghent BEL"]
[Date "2025.07.21"]
[Round "6.11"]
[White "Van Amerongen, Marleen"]
[Black "Steffens, Olaf"]
[Result "0-1"]
[BlackTitle "FM"]
[WhiteElo "2056"]
[BlackElo "2184"]
[WhiteFideId "1002503"]
[BlackFideId "4630564"]
[EventDate "2025.07.19"]

1. e4 Nc6 2. Nf3 d6 3. d4 Nf6 4. Nc3 g6 5. Bb5 a6 6. Bxc6+ bxc6 7. O-O Bg7 8. h3
O-O 9. Bf4 Rb8 10. Rb1 Nd7 11. Qd2 c5 12. d5 e5 13. Bh6 f5 14. Bxg7 Kxg7 15. Ng5
Nf6 16. f4 exf4 17. Qxf4 Nh5 18. Qh4 h6 19. Ne6+ Bxe6 20. Qxd8 Rbxd8 21. dxe6
Rde8 22. exf5 Rxf5 23. Rxf5 gxf5 24. Rf1 Kg6 25. Nd5 c6 26. Nc7 Re7 27. Nxa6
Rxe6 28. Nb8 f4 29. Kf2 Ng3 30. Re1 Ne4+ 31. Kf3 Kf5 32. Nxc6 d5 33. Nd8 Rd6 34.
Nb7 Rb6 35. Nd8 Rd6 36. Nb7 Rg6 37. Rg1 Rb6 38. Nd8 Rxb2 39. Rd1 d4 40. Nc6 Ng5+
41. Ke2 Rxc2+ 42. Rd2 Rc3 43. Ne7+ Ke4 44. h4 Ne6 45. Ng8 Rg3 46. Nxh6 Rxg2+ 47.
Ke1 f3 48. a4 Nf4 49. Rxg2 fxg2 50. Kf2 d3 51. Ng4 d2 0-1

[Event "46th Ghent Open 2025"]
[Site "Ghent BEL"]
[Date "2025.07.22"]
[Round "7.1"]
[White "Arman, Deniz"]
[Black "Zouaghi, Amir"]
[Result "1/2-1/2"]
[WhiteTitle "FM"]
[WhiteElo "2352"]
[BlackElo "2244"]
[WhiteFideId "6302106"]
[BlackFideId "249262"]
[EventDate "2025.07.19"]

1. e4 c5 2. Nf3 e6 3. d4 cxd4 4. Nxd4 a6 5. Bd3 Bc5 6. Nb3 Be7 7. f4 d6 8. O-O
Nd7 9. c4 b6 10. N1d2 Bb7 11. Nf3 Nc5 12. Nxc5 dxc5 13. Qe2 Qc7 14. e5 Nh6 15.
Be4 O-O-O 16. Bd2 Nf5 17. Bc3 h5 18. Rad1 Bxe4 19. Qxe4 Qb7 20. Qxb7+ Kxb7 21.
Kf2 Kc6 22. a4 1/2-1/2

[Event "46th Ghent Open 2025"]
[Site "Ghent BEL"]
[Date "2025.07.22"]
[Round "7.2"]
[White "Bowcott-Terry, Finlay"]
[Black "Maerevoet, Sim"]
[Result "1/2-1/2"]
[BlackTitle "IM"]
[WhiteElo "2183"]
[BlackElo "2454"]
[WhiteFideId "449199"]
[BlackFideId "241725"]
[EventDate "2025.07.19"]

1. e4 c5 2. Nf3 d6 3. d4 cxd4 4. Qxd4 Nf6 5. Nc3 Bd7 6. Bc4 Nc6 7. Qe3 e6 8. O-O
Be7 9. Rd1 a6 10. Bb3 b5 11. Qf4 O-O 12. e5 dxe5 13. Nxe5 Nxe5 14. Qxe5 Qb8 15.
Qxb8 Rfxb8 16. Bf4 Rc8 17. Bd6 Kf8 18. Rd4 Bxd6 19. Rxd6 Ke7 20. Rad1 Bc6 21.
R6d4 g5 22. a4 Rab8 23. axb5 axb5 24. Ra1 Ra8 25. Rxa8 Rxa8 26. f3 h5 27. Na2 g4
28. Nb4 Bb7 29. Kf2 Ra1 30. c4 Rb1 31. Rd2 bxc4 32. Bxc4 h4 33. Bb5 Rc1 34. Rc2
Rxc2+ 35. Nxc2 gxf3 36. gxf3 Nh7 37. Ke3 e5 38. Bd3 Ng5 39. Be4 Bc8 40. f4 exf4+ 1/2-1/2

[Event "46th Ghent Open 2025"]
[Site "Ghent BEL"]
[Date "2025.07.22"]
[Round "7.3"]
[White "Liu, Jason"]
[Black "Knuedel, Torben"]
[Result "0-1"]
[WhiteTitle "CM"]
[BlackTitle "FM"]
[WhiteElo "2125"]
[BlackElo "2364"]
[WhiteFideId "2514656"]
[BlackFideId "16208820"]
[EventDate "2025.07.19"]

1. e4 e5 2. Nf3 Nc6 3. Bc4 Nf6 4. d3 Bc5 5. c3 a6 6. Bb3 Ba7 7. O-O d6 8. Nbd2
O-O 9. h3 Kh8 10. Re1 Nh5 11. Nf1 f5 12. exf5 Bxf5 13. Be3 Qf6 14. N1h2 Bxe3 15.
fxe3 e4 16. Nd4 Nxd4 17. Qxh5 Bg6 18. Qd1 Qf2+ 19. Kh1 Nf5 20. Nf1 exd3 21. Kh2
Nh4 22. Qd2 Nf3+ 0-1